Song lyrics: Rammstein - Los - Statistics

General Stats
  • This quiz has been taken 25 times
  • The average score is 124 of 171
Answer Stats
Hint Answer % Correct
und
100%
Und
100%
war
100%
1. Wir
100%
wir
100%
los
95%
Los
95%
waren
95%
Waren
95%
da
89%
namen
89%
namenlos
89%
ohne
89%
nicht
84%
nie
84%
Sie
84%
sie
84%
sind
84%
Sind
84%
Wie
84%
wortlos
84%
doch
79%
ein
79%
Es
79%
Etwas
79%
etwas
79%
gott
79%
lieder
79%
sanglos
79%
wieder
79%
die
74%
Die
74%
klanglos
74%
Man
74%
man
74%
So
74%
uns
74%
Uns
74%
Dafür
68%
Das
68%
Einfach
68%
geschmacklos
68%
immer
68%
noch
68%
Recht
68%
sinnlos
68%
zeit
68%
beispiellos
63%
haltlos
63%
hilflos
63%
hört
63%
ist
63%
musizieren
63%
sturm
63%
Sturm
63%
wurde
63%
Wurde
63%
einem
58%
einen
58%
Ging
58%
haben
58%
hoffnungslos
58%
Ihr
58%
kamen
58%
schamlos
58%
windstoß
58%
Windstoß
58%
fehlerlos
53%
lautlos
53%
Nach
53%
noten
53%
Schade
53%
um
53%
Was
53%
Nur
47%
verboten
47%
worte
47%
fassungslos
42%
gehört
42%
geistlos
42%
grundlos
42%
wird
42%
Wird
42%
Zeitlos
42%
passiert
37%
probieren
37%
sehr
37%
Verständnislos
37%
werdet
37%
zensiert
37%
garantiert
32%
ratlos
32%
schockiert
32%
sprachlos
32%
sagten
26%
No matching quizzes found
Score Distribution
Percent of People with Each Score
Percentile by Number Answered
Your Score History
You have not taken this quiz